Vegetable growing handbook

Gespeichert in:
Bibliographische Detailangaben
1. Verfasser: Walter E Splittstoesser
Format: Buch
Sprache:Undetermined
Veröffentlicht: Connecticut AVI 1979
Schlagworte:
Tags: Tag hinzufügen
Keine Tags, Fügen Sie den ersten Tag hinzu!
Thư viện lưu trữ: Trung tâm Học liệu Trường Đại học Cần Thơ
LEADER 00482nam a2200181Ia 4500
001 CTU_13338
008 210402s9999 xx 000 0 und d
082 |a 635 
082 |b S761 
100 |a Walter E Splittstoesser 
245 0 |a Vegetable growing handbook 
245 0 |c Walter E Splittstoesser 
260 |a Connecticut 
260 |b AVI 
260 |c 1979 
650 |a vegetable gardening 
904 |i Minh, 961126 
980 |a Trung tâm Học liệu Trường Đại học Cần Thơ